Open Data Biblioteca Nacional de Portugal


República Portuguesa: Ministério da Cultura
Biblioteca Nacional de Portugal

Catálogo da BNP: acesso por Identificadores Unívocos
Registos Bibliográficos associados ao registo de autoridade

Etiqueta de registo: 00622cas 2200217 450
001 1006436
003 http://id.bnportugal.gov.pt/bib/catbnp/1006436
005 19991109083600.0
100 ## $a19991109b19521985m y0pory0103 ba
101 0# $apor
102 ## $aPT
106 ## $ar
110 ## $aafazz 0uy0
200 1# $aBoletim da Casa Regional da Beira-Douro$fdir. Artur Castilho$ged. João de Almeida
207 #0 $aA. 1, nº 1 (set. 1952) - a. 34 (1985)
210 #9 $aPorto$cCasa Regional da Beira-Douro,$d1952-1985
215 ## $d24 cm
326 ## $aAnual$b1976-1985
326 ## $aMensal$b1952-1975
606 ## $aInformação regional$yBeira-Douro (Portugal)$2SIPOR$31996977
620 ## $dPorto
675 ## $a061.22(469.1)(055)$vBN$zpor$31996978
702 #1 $aCastilho,$bArtur,$f1892-1975$4300$341364
702 #1 $922$aAlmeida$b João de$4340$31996973
712 02 $aCasa Regional da Beira Douro$4650$3157449
801 #0 $aPT$bBN$gRPC
966 ## $lBN$mFGREV$sP.P. 10016 V.$x1

OpendataBNP@bnportugal.pt | Mais informação sobre acesso aos dados BNP